Reality TV Shows by picture Quiz Stats

 Plays Quiz not verified by Sporcle

Also try: TV Show by Kids
Challenge
Share
Tweet
Score 0/18 Timer 06:00
0 Plays Today
% Correct
Survivor
83.7%
The Bachelor
83%
Fear Factor
69.7%
The Apprentice
68.3%
Flavor of Love
59%
Amazing Race
56.7%
Real Chance of Love
52.7%
Big Brother
51.3%
Rock of Love: Charm School
41.3%
% Correct
A Shot At Love With Tila Tequila
37.7%
I Love New York
37%
Celebrity Fit Club
19.7%
I'm a Celebrity, Get Me Outta Here!
19.3%
Daisy of Love
19%
I Love Money
16.7%
Megan Wants A Millionaire
12.3%
A Double Shot At Love
10.7%
My Big Fat Obnoxious Boss
1.7%

You're not logged in!

Compare scores with friends on all Sporcle quizzes.
Join for Free
OR
Log In

You Might Also Like...

Show Comments

Extras

Top Quizzes Today


Score Distribution

Your Account Isn't Verified!

In order to create a playlist on Sporcle, you need to verify the email address you used during registration. Go to your Sporcle Settings to finish the process.

Report this User

Report this user for behavior that violates our Community Guidelines.

Details: